[Event "30. Ciudad de Sevilla 2014"]
[Site "Sevilla ESP"]
[Date "2014.01.14"]
[Round "5.18"]
[White "Duran Cuevas, Andres Ignacio"]
[Black "Romero Sanchez, Jesus"]
[Result "1/2-1/2"]
[WhiteElo "1914"]
[BlackElo "2121"]
[PlyCount "183"]
[EventDate "2014.01.10"]
[EventType "swiss"]
[EventRounds "9"]
[EventCountry "ESP"]
[Source "lmi"]
[SourceDate "2014.01.10"]

1. e4 Nf6 2. Nc3 d5 3. exd5 Nxd5 4. Bc4 Nb6 5. Bb3 Nc6 6. Nf3 Bf5 7. O-O e6 8.
d3 Be7 9. Bf4 O-O 10. h3 Na5 11. Nb5 Nxb3 12. axb3 Nd5 13. Bd2 a6 14. Nc3 Nb4
15. Re1 c5 16. Ne4 Nc6 17. Bc3 Qc7 18. Ng3 Bg6 19. Ne5 Nxe5 20. Bxe5 Qc6 21.
Qg4 f6 22. Bc3 e5 23. Nf5 Bd8 24. Re3 Qc8 25. Nh4 Qxg4 26. hxg4 Bf7 27. Nf5 Bc7
28. b4 cxb4 29. Bxb4 Rfd8 30. Ba5 b6 31. Bc3 Be6 32. f3 a5 33. Rae1 b5 34. Kh1
Bb6 35. R3e2 b4 36. Bd2 b3 37. cxb3 Bxb3 38. Be3 Bxe3 39. Rxe3 g6 40. Ng3 a4
41. Ne4 Kg7 42. Rc1 Rac8 43. Ree1 Bc2 44. Re2 Bxd3 45. Rxc8 Rxc8 46. Re3 Bxe4
47. Rxe4 Ra8 48. Kh2 Kf7 49. g5 Ke6 50. gxf6 Kxf6 51. Kg3 Kf5 52. Kh3 h5 53.
g4+ hxg4+ 54. Rxg4 g5 55. Kg3 Ra7 56. Rb4 Ra8 57. Rc4 a3 58. bxa3 Rxa3 59. Rb4
Rd3 60. Ra4 Rd4 61. Ra8 Rd1 62. Ra4 Rb1 63. Rc4 Ke6 64. Ra4 Kd5 65. Ra5+ Ke6
66. Ra6+ Kf5 67. Ra4 Rg1+ 68. Kf2 Rh1 69. Kg2 Rh4 70. Ra8 Kf4 71. Ra4+ Kf5 72.
Ra8 Rd4 73. Rf8+ Ke6 74. Re8+ Kf6 75. Rf8+ Kg7 76. Re8 Rd5 77. Kg3 Kf7 78. Ra8
Rd4 79. Ra5 Kf6 80. Ra6+ Kf5 81. Ra8 e4 82. Ra5+ Kg6 83. fxe4 Rxe4 84. Ra8 Rb4
85. Rg8+ Kf6 86. Rf8+ Ke7 87. Rf5 g4 88. Rf4 Rxf4 89. Kxf4 g3 90. Kf3 g2 91.
Kf2 g1=Q+ 92. Kxg1 1/2-1/2

[Event "30. Ciudad de Sevilla 2014"]
[Site "Sevilla ESP"]
[Date "2014.01.14"]
[Round "5.19"]
[White "Moncada Rodriguez, Cristobal"]
[Black "Coimbra, Margarida"]
[Result "1-0"]
[WhiteElo "1891"]
[BlackElo "2087"]
[PlyCount "55"]
[EventDate "2014.01.10"]
[EventType "swiss"]
[EventRounds "9"]
[EventCountry "ESP"]
[Source "lmi"]
[SourceDate "2014.01.10"]

1. c4 e6 2. Nf3 d5 3. g3 c6 4. cxd5 exd5 5. Bg2 Nf6 6. O-O Bd6 7. d4 O-O 8. Nc3
Nbd7 9. Nh4 Nb6 10. a4 a5 11. Qd3 Re8 12. e4 dxe4 13. Nxe4 Be7 14. Ng5 Nbd5 15.
Re1 Nb4 16. Qc4 Nfd5 17. Qe2 g6 18. Nhf3 Bf5 19. Ne4 Nf6 20. Ne5 Qxd4 21. Ng5
Bd6 22. Ngf3 Qb6 23. Qc4 Qc7 24. Bg5 Nfd5 25. Re2 Bd3 26. Nxd3 Rxe2 27. Nxb4
Rxb2 28. Nxd5 1-0

[Event "30. Ciudad de Sevilla 2014"]
[Site "Sevilla ESP"]
[Date "2014.01.14"]
[Round "5.20"]
[White "Munoz Jorva, Miguel Angel"]
[Black "Ortega Valle, Jose Ramon"]
[Result "0-1"]
[WhiteElo "1887"]
[BlackElo "2081"]
[PlyCount "76"]
[EventDate "2014.01.10"]
[EventType "swiss"]
[EventRounds "9"]
[EventCountry "ESP"]
[Source "lmi"]
[SourceDate "2014.01.10"]

1. d4 Nf6 2. c4 g6 3. Nc3 Bg7 4. e4 d6 5. f4 O-O 6. Nf3 Na6 7. Bd3 c5 8. d5 e6
9. dxe6 Bxe6 10. a3 Re8 11. O-O Nc7 12. Re1 a6 13. Qc2 b5 14. f5 Bxc4 15. Bxc4
bxc4 16. fxg6 hxg6 17. Bg5 Qb8 18. Rab1 Qb3 19. Qd1 Re6 20. e5 Qxd1 21. Rbxd1
dxe5 22. Rxe5 Rxe5 23. Nxe5 Nb5 24. Na4 Ne4 25. Bf4 g5 26. Re1 gxf4 27. Rxe4
Re8 28. Rxc4 Rxe5 29. Kf1 Bf8 30. Rxf4 a5 31. Nb6 Be7 32. Nc4 Rh5 33. Nxa5 Rxh2
34. Rf5 Nd4 35. Re5 Kf8 36. Kg1 Rh6 37. Nc4 Rg6 38. Kf1 Bh4 0-1

[Event "30. Ciudad de Sevilla 2014"]
[Site "Sevilla ESP"]
[Date "2014.01.15"]
[Round "6.2"]
[White "Turov, Maxim"]
[Black "Teran Alvarez, Ismael"]
[Result "1-0"]
[WhiteElo "2586"]
[BlackElo "2412"]
[PlyCount "57"]
[EventDate "2014.01.10"]
[EventType "swiss"]
[EventRounds "9"]
[EventCountry "ESP"]
[Source "lmi"]
[SourceDate "2014.01.10"]

1. d4 d5 2. c4 e6 3. Nc3 c6 4. e4 dxe4 5. Nxe4 Bb4+ 6. Bd2 Qxd4 7. Bxb4 Qxe4+
8. Ne2 Na6 9. Bf8 Ne7 10. Bxg7 Nb4 11. Qd6 Nc2+ 12. Kd2 Nxa1 13. Bxh8 e5 14. f3
Qc2+ 15. Ke1 Be6 16. Bf6 Ng6 17. h4 Qf5 18. Bg5 h6 19. Bxh6 Rd8 20. Qc5 Qb1+
21. Kf2 Nc2 22. Bg5 Qe1+ 23. Kg1 Rd1 24. Kh2 Kd7 25. Qxa7 Kc8 26. Nc3 Rd4 27.
Ne4 f5 28. Bd3 Qb4 29. Nc5 1-0

[Event "30. Ciudad de Sevilla 2014"]
[Site "Sevilla ESP"]
[Date "2014.01.15"]
[Round "6.3"]
[White "Campora, Daniel H"]
[Black "Congiu, Mathilde"]
[Result "1/2-1/2"]
[WhiteElo "2460"]
[BlackElo "2226"]
[PlyCount "70"]
[EventDate "2014.01.10"]
[EventType "swiss"]
[EventRounds "9"]
[EventCountry "ESP"]
[Source "lmi"]
[SourceDate "2014.01.10"]

1. e4 c5 2. Nf3 d6 3. d4 cxd4 4. Nxd4 Nf6 5. Nc3 a6 6. Be2 e5 7. Nb3 Be7 8. O-O
O-O 9. a4 Nc6 10. Be3 Be6 11. Bf3 Nb4 12. Re1 Rc8 13. Bg5 h6 14. Bxf6 Bxf6 15.
Nc1 Qb6 16. a5 Qd4 17. Nd3 Nxd3 18. cxd3 Qb4 19. Qb1 Bg5 20. Ra4 Qc5 21. Qc2
Rb8 22. Rea1 Rfc8 23. g3 Rc6 24. h4 Bf6 25. Qc1 b5 26. axb6 Rcxb6 27. Nd1 Qxc1
28. Rxc1 Bb3 29. Ra3 Bxd1 30. Bxd1 Rxb2 31. Rxa6 Bd8 32. Rac6 Bb6 33. R6c2 Bd4
34. Kf1 Rxc2 35. Rxc2 Rb2 1/2-1/2

[Event "30. Ciudad de Sevilla 2014"]
[Site "Sevilla ESP"]
[Date "2014.01.15"]
[Round "6.4"]
[White "Van Der Weide, Karel"]
[Black "Ducarmon, Quinten"]
[Result "1/2-1/2"]
[WhiteElo "2449"]
[BlackElo "2456"]
[PlyCount "44"]
[EventDate "2014.01.10"]
[EventType "swiss"]
[EventRounds "9"]
[EventCountry "ESP"]
[Source "lmi"]
[SourceDate "2014.01.10"]

1. e4 c5 2. Nf3 e6 3. d4 cxd4 4. Nxd4 Nc6 5. Nc3 Qc7 6. g4 a6 7. Bg2 Nge7 8.
Be3 Ng6 9. O-O Bd6 10. h3 O-O 11. Qd2 Nxd4 12. Qxd4 b5 13. Rfd1 Bh2+ 14. Kh1
Nh4 15. Qc5 Nxg2 16. Kxg2 Rd8 17. a4 bxa4 18. Rxa4 Bb7 19. Qxc7 Bxc7 20. f3 Bc6
21. Rc4 Rdb8 22. b3 Be5 1/2-1/2

[Event "30. Ciudad de Sevilla 2014"]
[Site "Sevilla ESP"]
[Date "2014.01.15"]
[Round "6.5"]
[White "Silva Lucena, Cristian"]
[Black "Haslinger, Stewart G"]
[Result "0-1"]
[WhiteElo "2126"]
[BlackElo "2548"]
[PlyCount "60"]
[EventDate "2014.01.10"]
[EventType "swiss"]
[EventRounds "9"]
[EventCountry "ESP"]
[Source "lmi"]
[SourceDate "2014.01.10"]

1. e4 e5 2. Nf3 Nc6 3. Bc4 Bc5 4. b4 Bxb4 5. c3 Be7 6. d4 Na5 7. Be2 d6 8. dxe5
dxe5 9. Qa4+ c6 10. Nxe5 Nf6 11. O-O b5 12. Qc2 Qc7 13. f4 O-O 14. a4 a6 15. c4
Bc5+ 16. Kh1 Bd4 17. Ra3 b4 18. Rg3 c5 19. Bd3 h6 20. Qe2 Re8 21. Qf3 Nb3 22.
Nxf7 Qxf7 23. e5 Bb7 24. Qd1 Nh5 25. Rg4 Nxc1 26. Bg6 Qxc4 27. Bxh5 Nd3 28. h4
Nf2+ 29. Rxf2 Bxf2 30. Bxe8 Rxe8 0-1

[Event "30. Ciudad de Sevilla 2014"]
[Site "Sevilla ESP"]
[Date "2014.01.15"]
[Round "6.6"]
[White "Montero Melendez, Rafael"]
[Black "Guerreiro, Nuno"]
[Result "1-0"]
[WhiteElo "2350"]
[BlackElo "2161"]
[PlyCount "69"]
[EventDate "2014.01.10"]
[EventType "swiss"]
[EventRounds "9"]
[EventCountry "ESP"]
[Source "lmi"]
[SourceDate "2014.01.10"]

1. c4 Nc6 2. g3 d5 3. cxd5 Qxd5 4. Nf3 Nf6 5. Nc3 Qh5 6. h3 e5 7. d3 Bb4 8. Bd2
O-O 9. Bg2 Ne8 10. Qa4 a5 11. a3 Ra6 12. Ng5 Nd4 13. g4 Qh4 14. Rc1 Be7 15. Nf3
Nxf3+ 16. Bxf3 Bg5 17. Ne4 Bxd2+ 18. Nxd2 f5 19. Rc5 Qe7 20. Rxa5 Rh6 21. g5
Qxg5 22. Rxe5 Nd6 23. h4 Qf6 24. Qf4 Kh8 25. Bd5 c6 26. Bb3 g5 27. Qd4 Nb5 28.
Qe3 f4 29. Qc5 gxh4 30. Ne4 b6 31. Qxb5 Qg7 32. Qb4 h3 33. Rg5 c5 34. Qd2 Rg6
35. Rxg6 1-0

[Event "30. Ciudad de Sevilla 2014"]
[Site "Sevilla ESP"]
[Date "2014.01.15"]
[Round "6.7"]
[White "Severijnen, Arjon"]
[Black "Padeiro, Jose"]
[Result "0-1"]
[WhiteElo "2147"]
[BlackElo "2337"]
[PlyCount "90"]
[EventDate "2014.01.10"]
[EventType "swiss"]
[EventRounds "9"]
[EventCountry "ESP"]
[Source "lmi"]
[SourceDate "2014.01.10"]

1. e4 c6 2. d4 d5 3. e5 Bf5 4. c4 e6 5. Nc3 Ne7 6. Bg5 h6 7. Bh4 Qa5 8. Nf3 Nd7
9. Be2 dxc4 10. Bxc4 Nb6 11. Bb3 Nbd5 12. Qd2 Qa6 13. a3 g5 14. Bg3 O-O-O 15.
Rc1 Nxc3 16. Rxc3 Nd5 17. Bc4 Qa5 18. Bxd5 Qxd5 19. h3 Qe4+ 20. Qe3 Qb1+ 21.
Qc1 Qxc1+ 22. Rxc1 Be7 23. Ke2 Rd5 24. Rcd1 Bc2 25. Rd2 Ba4 26. Rc1 Rhd8 27.
Ke3 Kb8 28. b4 a5 29. Rc5 axb4 30. axb4 Bxc5 31. bxc5 b6 32. Rb2 b5 33. Rb4 Bc2
34. Nd2 Kc7 35. f4 Ra8 36. fxg5 hxg5 37. Nf3 Ra3+ 38. Kd2 Ra2 39. Ke3 Bg6 40.
Bf2 Rd8 41. Nxg5 Rda8 42. Kf3 R8a3+ 43. Be3 Rd3 44. Kf4 Rxg2 45. Rb1 Rxe3 0-1

[Event "30. Ciudad de Sevilla 2014"]
[Site "Sevilla ESP"]
[Date "2014.01.15"]
[Round "6.8"]
[White "Ortega Valle, Jose Ramon"]
[Black "Lillo Castany, Victor"]
[Result "0-1"]
[WhiteElo "2081"]
[BlackElo "2315"]
[PlyCount "54"]
[EventDate "2014.01.10"]
[EventType "swiss"]
[EventRounds "9"]
[EventCountry "ESP"]
[Source "lmi"]
[SourceDate "2014.01.10"]

1. d4 Nf6 2. c4 g6 3. f3 Nc6 4. d5 Ne5 5. e4 d6 6. Na3 Bg7 7. Ne2 O-O 8. Be3 e6
9. Rc1 exd5 10. cxd5 c6 11. dxc6 bxc6 12. Nd4 d5 13. Bf4 Nh5 14. Bxe5 Bxe5 15.
Nxc6 Qh4+ 16. g3 Nxg3 17. hxg3 Bxg3+ 18. Ke2 Qxh1 19. Qxd5 Be6 20. Qd4 f6 21.
Nb5 a6 22. Nc3 Qh2+ 23. Kd1 Qxb2 24. Rc2 Qa3 25. Bc4 Bxc4 26. Qxc4+ Kh8 27. Rg2
Rac8 0-1

[Event "30. Ciudad de Sevilla 2014"]
[Site "Sevilla ESP"]
[Date "2014.01.15"]
[Round "6.9"]
[White "Ramirez Guerrero, Enrique"]
[Black "Diaz Castro, Sergio"]
[Result "0-1"]
[WhiteElo "2043"]
[BlackElo "2256"]
[PlyCount "64"]
[EventDate "2014.01.10"]
[EventType "swiss"]
[EventRounds "9"]
[EventCountry "ESP"]
[Source "lmi"]
[SourceDate "2014.01.10"]

1. d4 Nf6 2. c4 g6 3. Nc3 Bg7 4. Nf3 d6 5. Bg5 h6 6. Bh4 g5 7. Bg3 Nh5 8. e3
Nd7 9. Be2 c5 10. Qd3 a6 11. Nd2 Nxg3 12. hxg3 Rb8 13. a4 cxd4 14. exd4 Qb6 15.
Nf3 g4 16. Nd5 Qd8 17. Nh4 e6 18. Nf4 Qa5+ 19. Kf1 Qg5 20. Re1 O-O 21. Bd1 Rd8
22. Bc2 Nf8 23. b4 Bd7 24. d5 e5 25. Ne2 Re8 26. Nc3 f5 27. c5 Rbc8 28. Nxf5 e4
29. Nxe4 Bxf5 30. cxd6 Bxe4 31. Rxe4 Rxe4 32. Qxe4 Qc1+ 0-1

[Event "30. Ciudad de Sevilla 2014"]
[Site "Sevilla ESP"]
[Date "2014.01.15"]
[Round "6.10"]
[White "Gallardo Fernandez, Cesar"]
[Black "Haslinger, Gareth J"]
[Result "1-0"]
[WhiteElo "2244"]
[BlackElo "2049"]
[PlyCount "63"]
[EventDate "2014.01.10"]
[EventType "swiss"]
[EventRounds "9"]
[EventCountry "ESP"]
[Source "lmi"]
[SourceDate "2014.01.10"]

1. c4 f5 2. Nc3 Nf6 3. g3 e6 4. Bg2 Bb4 5. e3 Bxc3 6. bxc3 d6 7. Rb1 Nc6 8. Ne2
O-O 9. O-O e5 10. c5 e4 11. cxd6 cxd6 12. d3 Qa5 13. Qb3+ Kh8 14. Ba3 Be6 15.
Qxe6 exd3 16. Nd4 Nxd4 17. cxd4 Qxa3 18. Rxb7 Rab8 19. Qxf5 d5 20. Rxb8 Rxb8
21. Rd1 d2 22. Qc2 Qb2 23. Rxd2 Qa1+ 24. Rd1 Qb2 25. Rc1 Qxc2 26. Rxc2 Rb1+ 27.
Bf1 h6 28. Kg2 Ra1 29. Bd3 Ne4 30. Rc8+ Kh7 31. f3 Rxa2+ 32. Rc2 1-0

[Event "30. Ciudad de Sevilla 2014"]
[Site "Sevilla ESP"]
[Date "2014.01.15"]
[Round "6.11"]
[White "Munoz Gonzalo, David"]
[Black "Gonzalez Galvan, Juan Manuel"]
[Result "0-1"]
[WhiteElo "1857"]
[BlackElo "2238"]
[PlyCount "56"]
[EventDate "2014.01.10"]
[EventType "swiss"]
[EventRounds "9"]
[EventCountry "ESP"]
[Source "lmi"]
[SourceDate "2014.01.10"]

1. Nf3 d5 2. g3 Nc6 3. d4 Bg4 4. Bg2 Nf6 5. O-O Qc8 6. c4 dxc4 7. Qa4 Qd7 8.
Qxc4 O-O-O 9. e3 Bh3 10. Nc3 Bxg2 11. Kxg2 Qf5 12. e4 Nxe4 13. d5 Qxf3+ 14.
Kxf3 Ne5+ 15. Kxe4 Nxc4 16. b3 Nd6+ 17. Kf3 g6 18. Bf4 Bg7 19. Rac1 Rd7 20. Rc2
Kb8 21. Rfc1 Rc8 22. a4 a6 23. b4 h6 24. h4 h5 25. b5 axb5 26. axb5 Bxc3 27.
Rxc3 Nxb5 28. Rc5 Nd4+ 0-1

[Event "30. Ciudad de Sevilla 2014"]
[Site "Sevilla ESP"]
[Date "2014.01.15"]
[Round "6.12"]
[White "Valenti, Giuseppe"]
[Black "Moncada Rodriguez, Cristobal"]
[Result "1-0"]
[WhiteElo "2172"]
[BlackElo "1891"]
[PlyCount "116"]
[EventDate "2014.01.10"]
[EventType "swiss"]
[EventRounds "9"]
[EventCountry "ESP"]
[Source "lmi"]
[SourceDate "2014.01.10"]

1. e4 c5 2. Nf3 e6 3. d4 cxd4 4. Nxd4 a6 5. Nc3 Qc7 6. g3 b6 7. Bg2 Bb7 8. O-O
d6 9. Re1 Nd7 10. h3 Be7 11. f4 Ngf6 12. Be3 O-O 13. Bf2 Rac8 14. Qe2 Rfe8 15.
e5 dxe5 16. fxe5 Nd5 17. Nxd5 Bxd5 18. Bxd5 exd5 19. e6 Nf6 20. exf7+ Kxf7 21.
Qe6+ Kf8 22. Qf5 Kg8 23. c3 Bd6 24. Ne6 Qb8 25. Bd4 Bc5 26. Re3 Qd6 27. Kg2
Bxd4 28. cxd4 Ne4 29. Nf4 Rc2+ 30. Kg1 Rd8 31. Rf1 Qf6 32. Nxd5 Qxf5 33. Ne7+
Kh8 34. Nxf5 Nf6 35. Rf2 Rxf2 36. Kxf2 g6 37. Re6 Nd5 38. Ne3 Nb4 39. d5 b5 40.
Ke2 a5 41. d6 Nc6 42. Kd3 Rd7 43. a3 Kg7 44. Ke4 Kf7 45. Kd5 Nd8 46. Re7+ Rxe7
47. dxe7 Kxe7 48. Kc5 b4 49. axb4 axb4 50. Kxb4 Kd6 51. Kc4 Ne6 52. h4 g5 53.
hxg5 Nxg5 54. b4 h5 55. Kd4 h4 56. Nf5+ Ke6 57. gxh4 Nf3+ 58. Ke4 Ne5 1-0

[Event "30. Ciudad de Sevilla 2014"]
[Site "Sevilla ESP"]
[Date "2014.01.15"]
[Round "6.13"]
[White "Godinho Marques, Pedro"]
[Black "Simonian, Tigran"]
[Result "0-1"]
[WhiteElo "1872"]
[BlackElo "2412"]
[PlyCount "138"]
[EventDate "2014.01.10"]
[EventType "swiss"]
[EventRounds "9"]
[EventCountry "ESP"]
[Source "lmi"]
[SourceDate "2014.01.10"]

1. e4 d6 2. c4 c5 3. Ne2 Nc6 4. d4 cxd4 5. Nxd4 Nf6 6. Nc3 g6 7. f3 Bg7 8. Be3
O-O 9. Qd2 Bd7 10. Be2 Rc8 11. O-O a6 12. Rfd1 Nxd4 13. Bxd4 Be6 14. Nd5 Bxd5
15. cxd5 Nd7 16. Bxg7 Kxg7 17. Qd4+ f6 18. Rac1 Qa5 19. a3 Qb6 20. Qxb6 Nxb6
21. b3 f5 22. g3 Kf6 23. Kf2 Nd7 24. Ke3 fxe4 25. f4 h5 26. Bf1 g5 27. Bh3 g4
28. Bg2 Nc5 29. Rc3 Nd3 30. Rxc8 Rxc8 31. Bxe4 Nc1 32. b4 a5 33. bxa5 Nb3 34.
Rd3 Nxa5 35. Kd2 Nc4+ 36. Ke2 Ra8 37. Rc3 b5 38. Bd3 Rxa3 39. Rxa3 Nxa3 40. Kd2
Nc4+ 41. Kc3 Ne3 42. Kb4 Nxd5+ 43. Kxb5 Ne3 44. Kb4 Nf5 45. Kc3 e6 46. Be2 Kg6
47. Kd2 Kh6 48. Bc4 d5 49. Bb5 h4 50. Be2 Ng7 51. Ke3 hxg3 52. hxg3 Kg6 53. Bb5
Nf5+ 54. Kf2 Nd4 55. Bd3+ Kf6 56. Ke3 Nf5+ 57. Kf2 Kf7 58. Be2 Nh6 59. Ke3 Ke7
60. Kd4 Kd6 61. Bd1 Nf5+ 62. Kd3 Nxg3 63. Bxg4 Nf5 64. Bh5 Ke7 65. Bg6 Nh4 66.
Bh7 Kf6 67. Ke2 Ng6 68. Bg8 Nxf4+ 69. Kf3 Kg7 0-1

[Event "30. Ciudad de Sevilla 2014"]
[Site "Sevilla ESP"]
[Date "2014.01.15"]
[Round "6.14"]
[White "Zarandieta Lopera, Victor"]
[Black "Pogorelov, Ruslan"]
[Result "0-1"]
[WhiteElo "2048"]
[BlackElo "2377"]
[PlyCount "58"]
[EventDate "2014.01.10"]
[EventType "swiss"]
[EventRounds "9"]
[EventCountry "ESP"]
[Source "lmi"]
[SourceDate "2014.01.10"]

1. c4 Nf6 2. Nc3 e6 3. Nf3 Bb4 4. g4 Bxc3 5. dxc3 d6 6. Qc2 e5 7. g5 Nfd7 8. h4
Nc5 9. Be3 Qe7 10. Bxc5 dxc5 11. Nd2 h6 12. g6 f5 13. Bg2 c6 14. O-O-O O-O 15.
Nb3 a5 16. Qd2 a4 17. Na1 Be6 18. Qd6 Qxd6 19. Rxd6 Bxc4 20. Rhd1 e4 21. Bf1
Bxa2 22. e3 b5 23. c4 Bxc4 24. Bxc4+ bxc4 25. Nc2 Na6 26. Rxc6 Nb4 27. Nxb4
cxb4 28. Rd7 Rf6 29. Ra7 Rxa7 0-1

[Event "30. Ciudad de Sevilla 2014"]
[Site "Sevilla ESP"]
[Date "2014.01.15"]
[Round "6.15"]
[White "Melero Fidalgo, Juan De Dios"]
[Black "Lillo Ferrer, Jose Maria M"]
[Result "1-0"]
[WhiteElo "2245"]
[BlackElo "2047"]
[PlyCount "75"]
[EventDate "2014.01.10"]
[EventType "swiss"]
[EventRounds "9"]
[EventCountry "ESP"]
[Source "lmi"]
[SourceDate "2014.01.10"]

1. d4 d6 2. c4 e5 3. d5 g6 4. e4 Bg7 5. Nc3 Nd7 6. Bd3 Ne7 7. Nge2 f5 8. exf5
Nxf5 9. Ng3 O-O 10. Nce4 Nf6 11. Bg5 c6 12. O-O cxd5 13. cxd5 Qb6 14. Bxf6 Bxf6
15. Qb3 Qxb3 16. axb3 Be7 17. Ne2 a6 18. Rfc1 Rd8 19. b4 Rb8 20. b5 Ng7 21. Rc7
Kf8 22. f4 Ne8 23. Rc2 axb5 24. Rf1 Kg7 25. Bxb5 Bf5 26. N2g3 Kh8 27. Bxe8 Rxe8
28. fxe5 Bxe4 29. Nxe4 dxe5 30. d6 Bd8 31. g3 Bb6+ 32. Kg2 Red8 33. Rf7 Kg8 34.
Re7 Rf8 35. d7 h6 36. Nd6 Bd8 37. Re8 b5 38. Rc8 1-0

[Event "30. Ciudad de Sevilla 2014"]
[Site "Sevilla ESP"]
[Date "2014.01.15"]
[Round "6.16"]
[White "Sgnaolin, Davide"]
[Black "Herrera Ramirez, Daniel"]
[Result "1-0"]
[WhiteElo "2221"]
[BlackElo "1992"]
[PlyCount "109"]
[EventDate "2014.01.10"]
[EventType "swiss"]
[EventRounds "9"]
[EventCountry "ESP"]
[Source "lmi"]
[SourceDate "2014.01.10"]

1. c4 e5 2. g3 Nc6 3. Bg2 d6 4. Nc3 Be6 5. d3 Qd7 6. Rb1 Nge7 7. Nd5 Nd8 8. e4
c6 9. Nc3 g6 10. b3 Bg7 11. Be3 c5 12. Nd5 O-O 13. Nf3 Nec6 14. h4 Bg4 15. Qd2
Ne6 16. Nh2 Ned4 17. f3 Be6 18. O-O f5 19. Bh3 Rf7 20. Rf2 Raf8 21. Rbf1 Kh8
22. f4 a6 23. Bg2 b5 24. Nf3 Nxf3+ 25. Bxf3 b4 26. h5 Nd4 27. Bxd4 exd4 28. Rh2
Kg8 29. Kg2 Bxd5 30. cxd5 a5 31. hxg6 hxg6 32. Re1 Re7 33. Qd1 Bf6 34. Reh1
Rff7 35. Rh6 Rg7 36. Rh8+ Kf7 37. R1h6 Re8 38. Rxe8 Kxe8 39. exf5 Qxf5 40. Be4
Qd7 41. Rxg6 Rxg6 42. Qh5 Kd8 43. Qxg6 Qg7 44. Qxg7 Bxg7 45. g4 Ke7 46. Kg3 Kf7
47. Kh4 Bf6+ 48. g5 Bg7 49. Kh5 Bh8 50. Kg4 Bg7 51. f5 Be5 52. f6 Bh2 53. Kf5
Be5 54. g6+ Ke8 55. Ke6 1-0

[Event "30. Ciudad de Sevilla 2014"]
[Site "Sevilla ESP"]
[Date "2014.01.15"]
[Round "6.17"]
[White "Martin Rengel, Jose Maria"]
[Black "Van Hoolandt, Patrick"]
[Result "0-1"]
[WhiteElo "1967"]
[BlackElo "2199"]
[PlyCount "82"]
[EventDate "2014.01.10"]
[EventType "swiss"]
[EventRounds "9"]
[EventCountry "ESP"]
[Source "lmi"]
[SourceDate "2014.01.10"]

1. e4 e5 2. Nf3 Nc6 3. Bb5 Nf6 4. O-O Nxe4 5. d4 Nd6 6. Bxc6 dxc6 7. dxe5 Nf5
8. Qxd8+ Kxd8 9. Nc3 Ke8 10. b3 Be7 11. Bb2 h5 12. Rad1 a5 13. Rd2 Be6 14. Rfd1
Rd8 15. Rxd8+ Bxd8 16. Ne4 Be7 17. Nd4 Nxd4 18. Rxd4 Bf5 19. c4 c5 20. Ng3 cxd4
21. Nxf5 c5 22. Nxg7+ Kd7 23. f4 Bf8 24. Nf5 Ke6 25. Nh4 Be7 26. Nf3 Kf5 27.
Bc1 Rd8 28. Bd2 a4 29. bxa4 Ra8 30. a5 Bd8 31. g3 Bxa5 32. Bxa5 Rxa5 33. Ng5
Kg6 34. Ne4 b6 35. h3 Rxa2 36. g4 hxg4 37. hxg4 Re2 38. Nf2 Re3 39. Kg2 d3 40.
Nd1 Re1 41. f5+ Kg5 0-1

[Event "30. Ciudad de Sevilla 2014"]
[Site "Sevilla ESP"]
[Date "2014.01.15"]
[Round "6.18"]
[White "Vallbona Domingo, Joan"]
[Black "Mcmahon, Daire"]
[Result "1/2-1/2"]
[WhiteElo "1968"]
[BlackElo "2157"]
[PlyCount "41"]
[EventDate "2014.01.10"]
[EventType "swiss"]
[EventRounds "9"]
[EventCountry "ESP"]
[Source "lmi"]
[SourceDate "2014.01.10"]

1. Nf3 d5 2. c4 d4 3. e3 c5 4. exd4 cxd4 5. d3 Nc6 6. g3 e5 7. Bg2 Nf6 8. O-O
Be7 9. b4 Bxb4 10. Nxe5 Nxe5 11. Qa4+ Nc6 12. Bxc6+ bxc6 13. Qxb4 Qb6 14. Ba3
Qxb4 15. Bxb4 Be6 16. Nd2 O-O-O 17. Be7 Rd7 18. Bxf6 gxf6 19. Ne4 Bf5 20. Nc5
Re7 21. Rfe1 1/2-1/2

[Event "30. Ciudad de Sevilla 2014"]
[Site "Sevilla ESP"]
[Date "2014.01.15"]
[Round "6.19"]
[White "De Dios Ortega, Juan Manuel"]
[Black "Gomez Rebollo, Alfonso Carlos"]
[Result "0-1"]
[WhiteElo "1947"]
[BlackElo "2150"]
[PlyCount "88"]
[EventDate "2014.01.10"]
[EventType "swiss"]
[EventRounds "9"]
[EventCountry "ESP"]
[Source "lmi"]
[SourceDate "2014.01.10"]

1. e4 c5 2. Nf3 d6 3. c3 Nf6 4. Be2 Nbd7 5. d3 b6 6. O-O Bb7 7. Re1 e6 8. Nbd2
Be7 9. Nf1 O-O 10. Ng3 Rc8 11. Bf1 h6 12. d4 d5 13. exd5 Nxd5 14. Nh5 N5f6 15.
Nxf6+ Bxf6 16. Bf4 cxd4 17. cxd4 Qe7 18. Qa4 Bd5 19. Ba6 Ra8 20. Rac1 Nb8 21.
Rc7 Qd8 22. Bb7 Bxb7 23. Rxb7 Qd5 24. Rc7 a5 25. Rec1 Na6 26. Rd7 Qf5 27. Bd6
Rfc8 28. Rxc8+ Rxc8 29. Qd1 Qd5 30. h3 Qb5 31. Ra7 Qxb2 32. Qa4 b5 33. Qxa5
Bxd4 34. Nxd4 Qxd4 35. Qxa6 Rc1+ 36. Kh2 e5 37. Ra8+ Kh7 38. Qa3 Rc3 39. Qb2
Rxh3+ 40. Kxh3 Qxb2 41. a3 Qxf2 42. Rb8 g5 43. Kh2 Qh4+ 44. Kg1 Qd4+ 0-1

[Event "30. Ciudad de Sevilla 2014"]
[Site "Sevilla ESP"]
[Date "2014.01.15"]
[Round "6.20"]
[White "Henrichsen, Jens"]
[Black "Ferrer Garcia, Isaac"]
[Result "0-1"]
[WhiteElo "1946"]
[BlackElo "2144"]
[PlyCount "114"]
[EventDate "2014.01.10"]
[EventType "swiss"]
[EventRounds "9"]
[EventCountry "ESP"]
[Source "lmi"]
[SourceDate "2014.01.10"]

1. d4 e6 2. c4 f5 3. g3 Nf6 4. Bg2 d5 5. Nf3 c6 6. O-O Bd6 7. Nbd2 O-O 8. b3
Bd7 9. Ne5 Be8 10. Bb2 Qe7 11. Ndf3 Nbd7 12. Nd3 dxc4 13. bxc4 c5 14. e3 Bh5
15. Qc2 Rac8 16. Nf4 Be8 17. Nd3 Ne4 18. Nfe5 cxd4 19. exd4 Nxe5 20. dxe5 Bc5
21. Nxc5 Qxc5 22. Bxe4 fxe4 23. Qxe4 Bc6 24. Qd4 Qb4 25. Qc3 Qa4 26. Qb3 Qa6
27. Rac1 Bf3 28. Rfe1 b6 29. Re3 Qb7 30. Rcc3 Bc6 31. Ba3 Rf5 32. Bd6 Qf7 33.
Qc2 h5 34. h3 h4 35. g4 Rf4 36. Qe2 Qg6 37. f3 Qb1+ 38. Kg2 Rd8 39. Qc2 Qa1 40.
Qd2 Rd7 41. Re1 Rd4 42. Qe3 Rd1 43. Rxd1 Qxd1 44. Rc1 Bxf3+ 45. Kf2 Qa4 46.
Kxf3 Qxa2 47. Qe2 Rf7+ 48. Ke3 Qb3+ 49. Kd2 Rf4 50. Rc3 Rd4+ 51. Rd3 Qb2+ 52.
Ke1 Qa1+ 53. Qd1 Re4+ 54. Kf2 Qa2+ 55. Qd2 Qxc4 56. Qc3 Rf4+ 57. Rf3 Qxc3 0-1

[Event "30. Ciudad de Sevilla 2014"]
[Site "Sevilla ESP"]
[Date "2014.01.16"]
[Round "7.1"]
[White "Narciso Dublan, Marc"]
[Black "Turov, Maxim"]
[Result "1/2-1/2"]
[WhiteElo "2521"]
[BlackElo "2586"]
[PlyCount "26"]
[EventDate "2014.01.10"]
[EventType "swiss"]
[EventRounds "9"]
[EventCountry "ESP"]
[Source "lmi"]
[SourceDate "2014.01.10"]

1. d4 Nf6 2. c4 e6 3. Nc3 Bb4 4. Qc2 O-O 5. Nf3 c5 6. dxc5 Na6 7. c6 bxc6 8. e3
Nc5 9. Bd2 d6 10. a3 Bxc3 11. Bxc3 Nce4 12. Bxf6 Nxf6 13. Bd3 c5 1/2-1/2

[Event "30. Ciudad de Sevilla 2014"]
[Site "Sevilla ESP"]
[Date "2014.01.16"]
[Round "7.2"]
[White "Haslinger, Stewart G"]
[Black "Gallardo Fernandez, Cesar"]
[Result "1-0"]
[WhiteElo "2548"]
[BlackElo "2244"]
[PlyCount "41"]
[EventDate "2014.01.10"]
[EventType "swiss"]
[EventRounds "9"]
[EventCountry "ESP"]
[Source "lmi"]
[SourceDate "2014.01.10"]

1. e4 e5 2. Nf3 Nc6 3. Bc4 Nf6 4. d3 Be7 5. O-O O-O 6. Re1 d6 7. a4 Bg4 8. h3
Bh5 9. c3 d5 10. exd5 Nxd5 11. a5 Kh8 12. g4 Bg6 13. Qb3 Nf6 14. Qxb7 Qd6 15.
Bb5 Nxg4 16. Ra4 Bxd3 17. Nxe5 Bxb1 18. Qxa8 Rxa8 19. Nxf7+ Kg8 20. Nxd6 Bxd6
21. Bxc6 1-0